| 000 | 00000nam##2200000za#4500 |
| 001 | 9.604038 |
| 003 | CaOODSP |
| 005 | 20260128153022 |
| 007 | cr ||||||||||| |
| 008 | 150406|2001||||xxc|||||o f|0| 0 fre|d |
| 022 | |a1488-545X |
| 040 | |aCaOODSP|bfre |
| 043 | |an-cn--- |
| 086 | 1 |aFs97-6/2362F-PDF |
| 110 | 2 |aInstitut Maurice-Lamontagne. |
| 245 | 10|aL'oursin vert (Strongylocentrotus droebachiensis) des Îles-de-la-Madeleine : |h[ressource électronique]|bdescription des agrégations et potentiel d'exploitation / |c[par] Line Pelletier, Pierre Gauthier et Madeleine Nadeau. |
| 260 | |aMont-Joli - Québec : |bPêches et Océans Canada. |cc2001. |
| 300 | |a38p.|bgraphiques, carte, références, tableaux, photographies |
| 490 | 1 |aRapport technique canadien des sciences halieutiques et aquatiques|x1488-545X|vN° 2362 |
| 500 | |aLe n° de catalogue (Fs97-6/2362) et l'ISSN (0706-6570) copiés dans cette édition électronique sont incorrects. |
| 546 | |a(Abstract in English) |
| 590 | |a12-23-Supp|b2012-05-28 |
| 720 | 1 |aGauthier, Pierre |
| 720 | 1 |aPelletier, Line |
| 720 | 1 |aNadeau, Madeleine |
| 776 | 0#|tL'oursin vert (Strongylocentrotus droebachiensis) des Îles-de-la-Madeleine : |w(CaOODSP)9.625770 |
| 830 | #0|aRapport technique canadien des sciences halieutiques et aquatiques,|x1488-545X|vN° 2362|w(CaOODSP)9.500867 |
| 856 | 40|ahttp://publications.gc.ca|qPDF|s1.73 Mo|uhttps://publications.gc.ca/collections/collection_2012/mpo-dfo/Fs97-6-2362-fra.pdf|yN° 2362 |